000 00907nam a22002897a 4500
003 CHAP
005 20220329141225.0
008 971010s1981 r 00010 d
010 _a64669
011 _a65641
035 _a72825
040 _cCHAP
090 _aFolleto 9126
110 2 _aCentro Nacional de Métodos Avanzados de Riego. México
_921245
245 1 _aResultados de Investigaciones en Métodos de riego, 1978-1979
260 _aMéxico, D. F. :
_bEl Centro,
_c1981
300 _a58 p.
_b: ilus. ; gráfs.
590 _aBATCH-UPD
_b10
_c20130110
_lUCH01
_h0916
590 _aBATCH-UPD
_b10
_c20130410
_lUCH01
_h0539
590 _aBATCH-UPD
_b10
_c20130914
_lUCH01
_h1616
590 _aCONVERSION
_b10
_c20130109
_lUCH01
_h1335
650 1 4 _aHidroponía.
_955280
650 1 4 _aIrrigación.
_960366
901 _aBK
942 _cFOLL
949 _aFolleto 9126
_bBC
_cFOLL
_d-140469
_eTS1
_i72825
_si
999 _c64669
_d64669